Léto pro dva /
Romance německé autorky z její volné série Cornwallské sny.
Uloženo v:
| Série: | Cornwallské sny,
část 3 |
|---|---|
| Hlavní autor: | |
| Další autoři: | |
| Médium: | Kniha |
| Jazyk: | Czech |
| Vydáno: |
Brno :
MOBA,
2026
|
| Vydání: | Vydání první |
| Témata: | |
| Celkem bylo vypůjčeno: | 1x |
| Příbuzné jednotky: | Z cyklu::
Cornwallské sny |
| Tagy: |
Žádné tagy |
| LEADER | 02187nam a2200469 i 4500 | ||
|---|---|---|---|
| 001 | 106669 | ||
| 003 | CZ PrNK | ||
| 005 | 20260630074213.0 | ||
| 007 | ta | ||
| 008 | 260616s2026 xr g 000 f cze | ||
| 015 | |a cnb003739905 | ||
| 020 | |a 9788027924776 |q (vázáno) | ||
| 040 | |a ABG001 |b cze |e rda | ||
| 041 | 1 | |a cze |h ger | |
| 072 | 7 | |a 821.112.2-3 |x Německá próza, německy psaná |2 Konspekt |9 25 | |
| 080 | |a 821.112.2-31 |2 MRF | ||
| 080 | |a (0:82-312.5) |2 MRF | ||
| 080 | |a (0:82-31)-055.2 |2 MRF | ||
| 100 | 1 | |a Taylor, Kathryn, |d 1969- |7 ola2013768480 |4 aut |9 117051 | |
| 240 | 1 | 0 | |a Sommer für zwei. |l Česky |
| 245 | 1 | 0 | |a Léto pro dva / |c Kathryn Taylor ; překlad Dagmar Hoangová |
| 250 | |a Vydání první | ||
| 264 | 1 | |a Brno : |b MOBA, |c 2026 | |
| 300 | |a 263 stran ; |c 21 cm | ||
| 336 | |a text |b txt |2 rdacontent | ||
| 337 | |a bez média |b n |2 rdamedia | ||
| 338 | |a svazek |b nc |2 rdacarrier | ||
| 500 | |a Přeloženo z němčiny | ||
| 520 | 2 | |a Romance německé autorky z její volné série Cornwallské sny. |b Co přimělo atraktivního lékaře Davida MacKenzieho, aby převzal venkovskou praxi v ospalém Carywithu v Cornwallu? Tuto otázku si klade jeho zaměstnankyně Shauna, které David do oka zrovna nepadl. Až když přijde o byt a David jí nabídne, aby se nastěhovala se svou malou sestrou Emmou a březí kolií Brave k němu, na něj změní svůj názor. Co ale David v Cornwallu skutečně pohledává? A jak zareaguje, až se dozví Shaunino tajemství? Nakladatelská anotace. | |
| 655 | 7 | |a německé romány |7 fd132945 |2 czenas |9 53752 | |
| 655 | 7 | |a milostné romány |7 fd132840 |2 czenas |9 53718 | |
| 655 | 7 | |a romány pro ženy |7 fd187897 |2 czenas |9 115 | |
| 655 | 9 | |a German fiction |2 eczenas | |
| 655 | 9 | |a love novels |2 eczenas | |
| 655 | 9 | |a women's novels |2 eczenas | |
| 700 | 1 | |a Hoangová, Dagmar |7 xx0068788 |4 trl |9 16327 | |
| 710 | 2 | |a Nakladatelství MOBA |7 ko2011627903 |4 pbl |9 117207 | |
| 787 | 0 | 8 | |i Z cyklu: |t Cornwallské sny |g 3 |
| 910 | |a UOG502 | ||
| 942 | |2 ddc |c KN | ||
| 999 | |d 106669 | ||
| 993 | |0 0 |1 421180107393 |2 ddc |4 0 |7 0 |9 100164 |b 0 |c 107393 |d 2026-06-30 |e 1 |f DOSP |h 359.00 |i Koupě |l DOSP |q 2026-08-11 |r 2026-06-30 |s 2026-06-30 |t 6 |w 2026-06-30 |y KN |z BELET |n | ||